000 01033nam a2200289Ia 4500
001 Para_8871
003 CHAP
008 220125s2003 xx 000 0 und d
010 _a207634
040 _cCHAP
082 _aPA 635.611 O5
100 _aOntiveros Nuño, Sergio M.
_9174114
245 _aManual de buenas prácticas agrícolas y de manejo para el cultivo del melón cantaloupe (Cucumis melo L.) en la región de Casimiro Castilla, Jal. /
_c por Sergio M. Ontiveros Nuño
260 _aJalisco, Méx. :
_b CESAVEJAL
300 _a141 p.
440 _aProyecto de Inocuidad alimentaria para productores agrícolas en el estado de Jalisco/ CESAVEJAL
_9174166
650 _aMelón
_x empaque
_974448
650 _aMelón
_x Jalisco
_9174167
710 _aComité Estatal de Sanidad Vegetal de Jalisco (CESAVEJAL)
_9174168
901 _aPA 635.611 O5
902 _aA
905 _a0000002003 adn 0000000000 00
910 _a2003
942 _cPARA
942 _cPARA
_d1
999 _c207634
_d207634